00333pab a2200121 454500008004000000100002200040245007100062260000900133300001300142362001100155650002600166773001900192180718b2014 xxu||||| |||| 00| 0 eng d aMattingley, Jenny aInvest in the workforce and prioritize programs to meet challenges c2014 ap.42-43. aSpring aPublic administration aPublic Manager